[Event "Noisiel op 9th"]
[Site "Noisiel"]
[Date "2024.04.07"]
[Round "2"]
[White "Prasad, Devaki V"]
[Black "Harikrishnan, A Ra"]
[Result "0-1"]
[WhiteElo "2191"]
[BlackElo "2461"]
[PlyCount "51"]
[EventDate "2024.04.06"]
[EventType "swiss"]
[EventRounds "9"]
[EventCountry "FRA"]
[SourceTitle "CB16_2024"]
[SourceDate "2024.04.17"]
[SourceVersion "1"]
[SourceVersionDate "2024.04.17"]
[SourceQuality "1"]

1. e4 e6 2. d4 d5 3. Nc3 Nf6 4. Bg5 dxe4 5. Nxe4 Be7 6. Bxf6 Bxf6 7. Nf3 0-0 8. Qd2 Be7 9. Bd3 Nd7 10. 0-0-0 c5 11. dxc5 Qc7 12. h4 f5 13. Nd6 Nxc5 14. Nxc8 Raxc8 15. Qe2 Bf6 16. c3 Na4 17. Qxe6+ Kh8 18. Qb3 Qf4+ 19. Kb1 Nxc3+ 20. bxc3 Rxc3 21. Qb5 Rc6 22. Rc1 Rb6 23. Qxb6 axb6 24. Rc4 Qd6 25. Rd1 b5 26. Bf1 0-1

[Event "Wch Seniors 50 31st"]
[Site "Terassini"]
[Date "2023.11.05"]
[Round "11"]
[White "Prasad, Devaki V"]
[Black "Bischoff, Klaus"]
[Result "1/2-1/2"]
[WhiteElo "2200"]
[BlackElo "2473"]
[PlyCount "115"]
[EventDate "2023.10.25"]
[EventType "swiss"]
[EventRounds "11"]
[EventCountry "ITA"]
[SourceTitle "Mega2024 Update 01"]
[Source "Chessbase"]
[SourceDate "2023.11.12"]
[SourceVersion "1"]
[SourceVersionDate "2023.11.12"]
[SourceQuality "1"]

1. e4 c5 2. Nf3 e6 3. d4 cxd4 4. Nxd4 Nc6 5. Nc3 d6 6. g4 a6 7. Be3 Nge7 8. h4 b5 9. f4 Bb7 10. Nb3 Na5 11. Nxa5 Qxa5 12. Bg2 Nc6 13. 0-0 Qc7 14. Qe1 Be7 15. g5 0-0 16. Qf2 f5 17. Bb6 Qd7 18. Rad1 Rac8 19. Rd2 fxe4 20. Nxe4 Ne5 21. b3 Ng6 22. Qg3 d5 23. h5 Qc6 24. Bd4 dxe4 25. hxg6 hxg6 26. Bh3 Rcd8 27. Qc3 Kf7 28. Qxc6 Bxc6 29. c3 b4 30. Rfd1 bxc3 31. Bxc3 Rxd2 32. Rxd2 Rh8 33. Kh2 e3 34. Re2 Bc5 35. Kg3 Be4 36. Bg2 Bd3 37. Re1 Bf5 38. Rd1 e5 39. fxe5 Ke7 40. b4 Ba7 41. Rd6 e2 42. Rxa6 Bd4 43. Be1 Bd3 44. Ra5 Rc8 45. Rd5 Rc1 46. Rxd4 Rxe1 47. Rxd3 Rd1 48. Re3 Rd3 49. Rxd3 e1Q+ 50. Kf3 Qxb4 51. Bh3 Qh4 52. Bg4 Qxg5 53. Rd7+ Kf8 54. e6 Qe5 55. Rf7+ Ke8 56. a4 Qd5+ 57. Kg3 Qe5+ 58. Kf3 1/2-1/2

[Event "Wch Seniors 50 29th"]
[Site "Bucharest"]
[Date "2019.11.23"]
[Round "11"]
[White "Gayson, Peter"]
[Black "Prasad, Devaki V"]
[Result "1/2-1/2"]
[WhiteElo "2075"]
[BlackElo "2226"]
[PlyCount "116"]
[EventDate "2019.11.12"]
[EventType "swiss"]
[EventRounds "11"]
[EventCountry "ROU"]
[SourceTitle "CBM 193 Extra"]
[Source "ChessBase"]
[SourceDate "2020.01.31"]
[SourceVersion "1"]
[SourceVersionDate "2020.01.31"]
[SourceQuality "1"]

1. e4 e5 2. Nf3 Nc6 3. Bc4 Nf6 4. d4 exd4 5. 0-0 Nxe4 6. Re1 d5 7. Bxd5 Qxd5 8. Nc3 Qd7 9. Nxe4 Be7 10. Bg5 0-0 11. Bxe7 Qxe7 12. Nxd4 Bd7 13. Nb3 Rae8 14. Nec5 Qxe1+ 15. Qxe1 Rxe1+ 16. Rxe1 Bc8 17. f3 Rd8 18. g4 f6 19. Kf2 Kf7 20. Re2 b6 21. Nd3 a5 22. a3 g5 23. Rd2 a4 24. Nbc1 Bb7 25. Ne2 Kf8 26. f4 h6 27. h3 Rd6 28. Nc3 gxf4 29. Ne2 f3 30. Kxf3 Ne5+ 31. Kf2 c5 32. Rd1 c4 33. Nxe5 Rxd1 34. Nxc4 b5 35. Nc3 Rd4 36. Na5 b4 37. axb4 Rxb4 38. Nxb7 Rxb2 39. Nxa4 Rxb7 40. Ke3 Ke7 41. Nc5 Rb2 42. Kd3 Rb1 43. Ne4 Ke6 44. Ng3 Ke5 45. Nf5 h5 46. Ne7 hxg4 47. hxg4 Rg1 48. Ng6+ Ke6 49. Nf4+ Kf7 50. Ke4 Rxg4 51. c4 Rg1 52. c5 Re1+ 53. Kd5 Rd1+ 54. Ke4 Rc1 55. Kd5 f5 56. c6 Kf6 57. Kd6 Rc4 58. c7 Rxc7 1/2-1/2

[Event "Wch Seniors 50 29th"]
[Site "Bucharest"]
[Date "2019.11.21"]
[Round "9"]
[White "Antonio, Rogelio Jr"]
[Black "Prasad, Devaki V"]
[Result "1-0"]
[WhiteElo "2427"]
[BlackElo "2226"]
[PlyCount "103"]
[EventDate "2019.11.12"]
[EventType "swiss"]
[EventRounds "11"]
[EventCountry "ROU"]
[SourceTitle "CBM 193 Extra"]
[Source "ChessBase"]
[SourceDate "2020.01.31"]
[SourceVersion "1"]
[SourceVersionDate "2020.01.31"]
[SourceQuality "1"]

1. e4 e5 2. Nf3 Nc6 3. Bb5 a6 4. Ba4 Nf6 5. 0-0 Be7 6. Re1 b5 7. Bb3 d6 8. c3 0-0 9. h3 Na5 10. Bc2 c5 11. d4 Nd7 12. Nbd2 exd4 13. cxd4 Nc6 14. d5 Nce5 15. Nxe5 Nxe5 16. f4 Ng6 17. Nf3 Bh4 18. Nxh4 Qxh4 19. f5 Ne5 20. Rf1 f6 21. Bf4 g5 22. Bxe5 fxe5 23. Kh2 Ra7 24. g3 Qh6 25. Qd2 Qf6 26. Bd1 Bd7 27. Be2 a5 28. Kg2 a4 29. Rh1 Rf7 30. h4 Rg7 31. hxg5 Rxg5 32. Rh3 a3 33. b3 Be8 34. Rah1 Rag7 35. Kf2 Qd8 36. Qe3 b4 37. R1h2 Bd7 38. g4 c4 39. bxc4 Qa5 40. Rxh7 b3 41. Rxg7+ Rxg7 42. Qxb3 Qd2 43. Qxa3 Qf4+ 44. Kg1 Qxe4 45. Kf1 Bxf5 46. Qa8+ Kf7 47. Qa7+ Kf6 48. Rh6+ Bg6 49. g5+ Kxg5 50. Qxg7 Qf4+ 51. Kg2 Qe4+ 52. Bf3 1-0

[Event "Wch Seniors 50 29th"]
[Site "Bucharest"]
[Date "2019.11.19"]
[Round "7"]
[White "Movsziszian, Karen"]
[Black "Prasad, Devaki V"]
[Result "1-0"]
[WhiteElo "2470"]
[BlackElo "2226"]
[PlyCount "81"]
[EventDate "2019.11.12"]
[EventType "swiss"]
[EventRounds "11"]
[EventCountry "ROU"]
[SourceTitle "CBM 193 Extra"]
[Source "ChessBase"]
[SourceDate "2020.01.31"]
[SourceVersion "1"]
[SourceVersionDate "2020.01.31"]
[SourceQuality "1"]

1. g3 e5 2. Bg2 Nc6 3. d3 g6 4. c4 Bg7 5. Nc3 d6 6. Rb1 a5 7. a3 Nf6 8. b4 axb4 9. axb4 h6 10. e3 0-0 11. Nge2 Ne7 12. 0-0 c6 13. b5 d5 14. cxd5 cxd5 15. d4 e4 16. Qb3 Bg4 17. Ba3 g5 18. Rb2 Re8 19. Bxe7 Rxe7 20. b6 Qd6 21. Na4 Bxe2 22. Rxe2 Ree8 23. Rc1 Rec8 24. Rxc8+ Rxc8 25. Rc2 Rxc2 26. Qxc2 Qb4 27. Bf1 Bf8 28. Kg2 Kg7 29. Be2 Be7 30. Bd1 Bd8 31. Qb3 Qd2 32. h3 h5 33. Qc2 Qe1 34. Be2 Qb4 35. Qc8 Qd2 36. Bf1 Qd1 37. Nc3 Qc2 38. Qxd8 Qxc3 39. Qc7 Qd2 40. Qxb7 h4 41. Qc7 1-0

[Event "Wch Seniors 50 29th"]
[Site "Bucharest"]
[Date "2019.11.18"]
[Round "6"]
[White "Prasad, Devaki V"]
[Black "Morovic Fernandez, Ivan"]
[Result "1/2-1/2"]
[WhiteElo "2226"]
[BlackElo "2505"]
[PlyCount "147"]
[EventDate "2019.11.12"]
[EventType "swiss"]
[EventRounds "11"]
[EventCountry "ROU"]
[SourceTitle "CBM 193 Extra"]
[Source "ChessBase"]
[SourceDate "2020.01.31"]
[SourceVersion "1"]
[SourceVersionDate "2020.01.31"]
[SourceQuality "1"]

1. e4 e5 2. Nf3 Nc6 3. Bb5 g6 4. d4 exd4 5. Bg5 Be7 6. Bxe7 Qxe7 7. Bxc6 dxc6 8. Qxd4 Nf6 9. Nc3 Bg4 10. Nd2 c5 11. Qe3 0-0-0 12. h3 Bd7 13. 0-0-0 Bc6 14. Rhe1 b6 15. f4 Rhe8 16. Qf2 Rd4 17. e5 Nh5 18. Ne2 Rdd8 19. g4 Ng7 20. Nc3 f6 21. Qh4 fxe5 22. Qxh7 Qf7 23. f5 gxf5 24. gxf5 Rd7 25. Rf1 Nh5 26. Qg6 Qxg6 27. fxg6 Nf4 28. Nde4 Rg7 29. Rde1 Rxg6 30. Re3 Rh6 31. Nf2 Ng2 32. Re2 Nf4 33. Re3 Ng2 34. Re2 Bf3 35. Rd2 Nf4 36. Re1 Nxh3 37. Nxh3 Rxh3 38. Rd3 Rh1 39. Rxh1 Bxh1 40. Nd1 a5 41. Rg3 Bc6 42. Ne3 a4 43. a3 Re7 44. Rg5 Kb7 45. Kd2 e4 46. Ke2 Rh7 47. Rg2 Rh1 48. Kd2 Rb1 49. Kc3 b5 50. Rg5 b4+ 51. axb4 cxb4+ 52. Kxb4 Rxb2+ 53. Ka3 Rb5 54. Rg7 Rh5 55. Kb4 Rh2 56. Rg1 Re2 57. Rg3 Rf2 58. Rg1 Bd7 59. Rg7 Bc6 60. Rg1 Re2 61. Rg3 Re1 62. Nc4 Rb1+ 63. Ka3 Rf1 64. Kb4 Rb1+ 65. Ka3 Bb5 66. Ne3 c6 67. Rg4 Kb6 68. Rxe4 Kc5 69. Rg4 Re1 70. Re4 Ra1+ 71. Kb2 Rh1 72. Ka3 Rh3 73. c4 Ba6 74. Kxa4 1/2-1/2

[Event "Wch Seniors 50 29th"]
[Site "Bucharest"]
[Date "2019.11.15"]
[Round "4"]
[White "Prasad, Devaki V"]
[Black "Buzbuchi, Ionut"]
[Result "1-0"]
[WhiteElo "2226"]
[BlackElo "2315"]
[PlyCount "55"]
[EventDate "2019.11.12"]
[EventType "swiss"]
[EventRounds "11"]
[EventCountry "ROU"]
[SourceTitle "CBM 193 Extra"]
[Source "ChessBase"]
[SourceDate "2020.01.31"]
[SourceVersion "1"]
[SourceVersionDate "2020.01.31"]
[SourceQuality "1"]

1. e4 c5 2. Nf3 d6 3. d4 cxd4 4. Nxd4 Nf6 5. Nc3 a6 6. f4 Nbd7 7. Bd3 g6 8. Nf3 Bg7 9. 0-0 0-0 10. Qe1 Nc5 11. Kh1 b5 12. a3 Bb7 13. f5 a5 14. Qh4 b4 15. Nd5 Nxd3 16. cxd3 Nxd5 17. exd5 Bxd5 18. Bh6 Bxf3 19. Rxf3 Bf6 20. Bg5 bxa3 21. Bxf6 exf6 22. bxa3 Rc8 23. Qh6 Re8 24. Rh3 Re5 25. fxg6 fxg6 26. Qxh7+ Kf8 27. Qxg6 Ke7 28. Rh7+ 1-0

[Event "Wch Seniors 50 29th"]
[Site "Bucharest"]
[Date "2019.11.14"]
[Round "3"]
[White "Managadze, Nikoloz"]
[Black "Prasad, Devaki V"]
[Result "1/2-1/2"]
[WhiteElo "2450"]
[BlackElo "2226"]
[PlyCount "66"]
[EventDate "2019.11.12"]
[EventType "swiss"]
[EventRounds "11"]
[EventCountry "ROU"]
[SourceTitle "CBM 193 Extra"]
[Source "ChessBase"]
[SourceDate "2020.01.31"]
[SourceVersion "1"]
[SourceVersionDate "2020.01.31"]
[SourceQuality "1"]

1. e4 e5 2. Nf3 Nc6 3. Bc4 Nf6 4. d3 Be7 5. Nc3 0-0 6. h3 d6 7. 0-0 Na5 8. Bb3 a6 9. Be3 Nxb3 10. axb3 c5 11. Nd2 Be6 12. f4 exf4 13. Bxf4 d5 14. e5 Nd7 15. Nf3 f5 16. exf6 Bxf6 17. Qd2 Kh8 18. Rae1 Qb6 19. Na4 Qc6 20. d4 Bf5 21. Ne5 Bxe5 22. Bxe5 Be4 23. Rxf8+ Rxf8 24. Nxc5 Nxc5 25. dxc5 Qxc5+ 26. Bd4 Qc6 27. Re3 Qg6 28. Rc3 h5 29. Be5 Qb6+ 30. Qd4 Qxd4+ 31. Bxd4 Rf7 32. Rc5 Kh7 33. c4 Rd7 1/2-1/2

[Event "Gujarat op 1st"]
[Site "Ahmedabad"]
[Date "2018.10.08"]
[Round "5"]
[White "Prasad, Devaki V"]
[Black "Nayak, Rajesh"]
[Result "0-1"]
[WhiteElo "2285"]
[BlackElo "2084"]
[PlyCount "76"]
[EventDate "2018.10.05"]
[EventType "swiss"]
[EventRounds "10"]
[EventCountry "IND"]
[SourceTitle "CBM 186 Extra"]
[Source "ChessBase"]
[SourceDate "2018.08.24"]
[SourceVersion "1"]
[SourceVersionDate "2018.08.24"]
[SourceQuality "1"]

1. e4 c5 2. Nc3 g6 3. h4 Bg7 4. h5 e6 5. Bc4 Ne7 6. d3 d5 7. exd5 exd5 8. Bb3 Qd6 9. Qf3 Be6 10. Nge2 Nbc6 11. Bf4 Qd7 12. h6 Nd4 13. Qg3 Bf6 14. Nxd4 Bxd4 15. Be5 Bxe5 16. Qxe5 0-0-0 17. Ba4 Qc7 18. Qxc7+ Kxc7 19. Ne2 a6 20. c3 b5 21. Bb3 c4 22. Bc2 Bf5 23. 0-0-0 Nc6 24. d4 Rhe8 25. Nf4 Bxc2 26. Kxc2 Re4 27. g3 Kd6 28. Rde1 Rde8 29. Rxe4 Re7 30. Re5 Rxe5 31. f3 Re3 32. Rf1 g5 33. Nh3 Re2+ 34. Kd1 Rxb2 35. Nxg5 b4 36. Nxh7 bxc3 37. Ng5 Nb4 38. h7 Nd3 0-1

[Event "Gujarat op 1st"]
[Site "Ahmedabad"]
[Date "2018.10.07"]
[Round "3"]
[White "Prasad, Devaki V"]
[Black "Pranesh, M."]
[Result "1-0"]
[WhiteElo "2285"]
[BlackElo "2028"]
[PlyCount "69"]
[EventDate "2018.10.05"]
[EventType "swiss"]
[EventRounds "10"]
[EventCountry "IND"]
[SourceTitle "CBM 186 Extra"]
[Source "ChessBase"]
[SourceDate "2018.08.24"]
[SourceVersion "1"]
[SourceVersionDate "2018.08.24"]
[SourceQuality "1"]

1. e4 e5 2. Nf3 Nc6 3. Bb5 Nf6 4. 0-0 Nxe4 5. d4 a6 6. Ba4 exd4 7. Re1 d5 8. Nxd4 b5 9. Nxc6 Qf6 10. f3 Bc5+ 11. Kh1 Bg4 12. Nc3 Qxc6 13. fxe4 Qg6 14. Qxd5 0-0 15. Qxc5 bxa4 16. Bf4 Rab8 17. Nd5 Qe6 18. Bxc7 Rbe8 19. Bd6 Rc8 20. Ne7+ Kh8 21. Nxc8 Rxc8 22. Qe5 Qg6 23. Re3 f6 24. Qd4 Rxc2 25. Rg3 Qh5 26. Qxa4 Rc8 27. h3 Be6 28. Qxa6 Qh6 29. Bf4 Qxf4 30. Qxe6 Rg8 31. Rd3 h6 32. Rad1 Qc7 33. Rd7 Qa5 34. b4 Qa8 35. Qxg8+ 1-0

[Event "Kolkata op 3rd"]
[Site "Kolkata"]
[Date "2018.05.18"]
[Round "5"]
[White "Prasad, Devaki V"]
[Black "Harsha, Bharathakoti"]
[Result "0-1"]
[WhiteElo "2284"]
[BlackElo "2463"]
[PlyCount "116"]
[EventDate "2018.05.14"]
[EventType "swiss"]
[EventRounds "9"]
[EventCountry "IND"]
[SourceTitle "CBM 184 Extra"]
[Source "ChessBase"]
[SourceDate "2018.06.28"]
[SourceVersion "1"]
[SourceVersionDate "2018.06.28"]
[SourceQuality "1"]

1. e4 c5 2. Nf3 d6 3. d4 cxd4 4. Nxd4 Nf6 5. Nc3 a6 6. Be2 e5 7. Nf3 Be7 8. Bg5 Be6 9. Bxf6 Bxf6 10. 0-0 Be7 11. Nd5 Nd7 12. Bc4 Rc8 13. Qe2 Nb6 14. Nxb6 Qxb6 15. Bb3 0-0 16. h3 Bxb3 17. axb3 f5 18. exf5 Rxf5 19. Qe4 Rf4 20. Qd5+ Kf8 21. c3 Rc5 22. Qd1 Qc6 23. b4 Rd5 24. Qe2 Qc4 25. Rfe1 Qxe2 26. Rxe2 Bd8 27. Nd2 Ke7 28. g3 Rf8 29. Kg2 Kd7 30. Nc4 Bc7 31. Ne3 Rd3 32. c4 Bb6 33. c5 dxc5 34. Nc4 Bc7 35. bxc5 Kc6 36. b4 Rd4 37. Rc1 Kd5 38. Ne3+ Kc6 39. Nc4 e4 40. Nd2 Rxb4 41. Nxe4 Re8 42. f3 a5 43. Rd2 a4 44. Ra1 Ra8 45. Rd3 Be5 46. Raa3 Bd4 47. Rd1 Rb2+ 48. Kf1 Bxc5 49. Rc3 b6 50. Rd6+ Kb5 51. Rd5 Kb4 52. Rc1 Ra5 53. Nd2 Ra7 54. Ke1 a3 55. Nc4 Rg2 56. Ne5 Rg1+ 57. Kd2 Rxc1 58. Nd3+ Kc4 0-1

[Event "Wch Seniors 50 27th"]
[Site "Acqui Terme"]
[Date "2017.11.15"]
[Round "8"]
[White "Bagaturov, Giorgi"]
[Black "Prasad, Devaki V"]
[Result "1/2-1/2"]
[WhiteElo "2399"]
[BlackElo "2290"]
[PlyCount "98"]
[EventDate "2017.11.07"]
[EventType "swiss"]
[EventRounds "11"]
[EventCountry "ITA"]
[SourceTitle "CBM 181 Extra"]
[Source "ChessBase"]
[SourceDate "2017.12.12"]
[SourceVersion "1"]
[SourceVersionDate "2017.12.12"]
[SourceQuality "1"]

1. d4 Nf6 2. c4 g6 3. Nf3 Bg7 4. g3 0-0 5. Bg2 d6 6. 0-0 Nbd7 7. Qc2 e5 8. Rd1 Re8 9. Nc3 exd4 10. Nxd4 Nc5 11. e4 Qe7 12. f3 c6 13. Be3 a5 14. b3 h5 15. Bf2 Nh7 16. h3 Ng5 17. Kh2 h4 18. g4 Be5+ 19. Kh1 Nge6 20. Nde2 Qf6 21. Be3 g5 22. Rac1 Nf4 23. Nxf4 gxf4 24. Bf2 Be6 25. Ne2 Nd7 26. Rd2 c5 27. Nc3 Nf8 28. Rd3 Red8 29. Rcd1 Rd7 30. Nb5 Qe7 31. Bf1 b6 32. Nc3 Ng6 33. Nd5 Bxd5 34. exd5 a4 35. R3d2 axb3 36. axb3 Rda7 37. Bd3 Kg7 38. b4 Ra1 39. bxc5 bxc5 40. Kg2 R8a3 41. Re2 Rxd1 42. Qxd1 Qf6 43. Qb1 Ra1 44. Qb8 Bd4 45. Bxg6 Bxf2 46. Bxf7 Rg1+ 47. Kh2 Rh1+ 48. Kg2 Rg1+ 49. Kh2 Rh1+ 1/2-1/2

[Event "Wch Seniors 50 27th"]
[Site "Acqui Terme"]
[Date "2017.11.10"]
[Round "4"]
[White "Bischoff, Klaus"]
[Black "Prasad, Devaki V"]
[Result "1/2-1/2"]
[WhiteElo "2513"]
[BlackElo "2290"]
[PlyCount "51"]
[EventDate "2017.11.07"]
[EventType "swiss"]
[EventRounds "11"]
[EventCountry "ITA"]
[SourceTitle "CBM 181 Extra"]
[Source "ChessBase"]
[SourceDate "2017.12.12"]
[SourceVersion "1"]
[SourceVersionDate "2017.12.12"]
[SourceQuality "1"]

1. Nf3 Nf6 2. c4 g6 3. Nc3 Bg7 4. e4 d6 5. d4 0-0 6. Be2 e5 7. d5 a5 8. Be3 Ng4 9. Bg5 f6 10. Bd2 f5 11. exf5 gxf5 12. g3 Na6 13. Nh4 Nc5 14. f3 Nf6 15. Qc2 c6 16. Be3 cxd5 17. cxd5 b6 18. Bxc5 bxc5 19. Nxf5 Nxd5 20. Bc4 Bxf5 21. Bxd5+ Kh8 22. Be4 Bxe4 23. fxe4 Qg5 24. Qe2 Rab8 25. Nd5 h5 26. Rf1 1/2-1/2

[Event "Wch Seniors 50 27th"]
[Site "Acqui Terme"]
[Date "2017.11.09"]
[Round "3"]
[White "Prasad, Devaki V"]
[Black "Antonio, Rogelio Jr"]
[Result "1/2-1/2"]
[WhiteElo "2290"]
[BlackElo "2431"]
[PlyCount "52"]
[EventDate "2017.11.07"]
[EventType "swiss"]
[EventRounds "11"]
[EventCountry "ITA"]
[SourceTitle "CBM 181 Extra"]
[Source "ChessBase"]
[SourceDate "2017.12.12"]
[SourceVersion "1"]
[SourceVersionDate "2017.12.12"]
[SourceQuality "1"]

1. e4 c6 2. d4 d5 3. e5 Bf5 4. h4 Qb6 5. Nc3 h5 6. Nge2 e6 7. Ng3 Bg6 8. Be2 Ne7 9. Na4 Qa5+ 10. c3 Nf5 11. Nxf5 Bxf5 12. b4 Qc7 13. Bg5 a5 14. b5 Nd7 15. 0-0 Be7 16. Bxe7 Kxe7 17. bxc6 bxc6 18. c4 dxc4 19. Rc1 Nb6 20. Nxb6 Qxb6 21. Rxc4 Be4 22. Qc1 Bd5 23. Qa3+ Ke8 24. Rc2 Qb4 25. Rc5 Qb6 26. Qe3 Qb4 1/2-1/2

[Event "Bhubaneswar op 3rd"]
[Site "Bhubaneswar"]
[Date "2011.05.30"]
[Round "4"]
[White "Prasad, Devaki V"]
[Black "Lalith, Babu MR"]
[Result "1/2-1/2"]
[WhiteElo "2357"]
[BlackElo "2491"]
[PlyCount "93"]
[EventDate "2011.05.28"]
[EventType "swiss"]
[EventRounds "11"]
[EventCountry "IND"]
[SourceTitle "CBM 142 Extra"]
[Source "ChessBase"]
[SourceDate "2011.06.27"]
[SourceVersion "1"]
[SourceVersionDate "2011.06.27"]
[SourceQuality "1"]

1. d4 Nf6 2. c4 e6 3. Nf3 Bb4+ 4. Bd2 Qe7 5. g3 Nc6 6. Bg2 Bxd2+ 7. Nbxd2 d6 8. 0-0 e5 9. d5 Nb8 10. e4 a5 11. b3 Nbd7 12. a3 Nf8 13. b4 Ng6 14. Qc2 b6 15. c5 bxc5 16. bxc5 0-0 17. Rfc1 Ra7 18. Ne1 Nd7 19. Nd3 Ba6 20. Nc4 dxc5 21. Qc3 Bxc4 22. Qxc4 Qd6 23. Nxc5 Nb6 24. Qb5 Ne7 25. Rab1 g6 26. a4 h5 27. h4 Rd8 28. Bh3 Kh7 29. Qe2 Ng8 30. Rc3 Kg7 31. Qc2 Nf6 32. Bf1 Ne8 33. Bb5 Qe7 34. Bxe8 Qxe8 35. Rb5 Kg8 36. Nd3 Qe7 37. Rc6 Nc8 38. Qc5 Qxc5 39. Rbxc5 Rd7 40. Nxe5 Re7 41. Nc4 Nd6 42. f3 Nb7 43. Rb5 Kg7 44. Nd2 Nd6 45. Rbc5 f5 46. exf5 Nxf5 47. Re6 1/2-1/2

[Event "Bhubaneswar op 1st"]
[Site "Bhubaneswar"]
[Date "2009.06.14"]
[Round "10"]
[White "Hossain, Enamul"]
[Black "Prasad, Devaki V"]
[Result "1-0"]
[WhiteElo "2531"]
[BlackElo "2388"]
[PlyCount "59"]
[EventDate "2009.06.07"]
[EventType "swiss"]
[EventRounds "10"]
[EventCountry "IND"]
[SourceTitle "CBM 130 Extra"]
[Source "ChessBase"]
[SourceDate "2009.07.02"]
[SourceVersion "2"]
[SourceVersionDate "2009.07.15"]
[SourceQuality "1"]

1. e4 c6 2. d4 d5 3. f3 e5 4. dxe5 Bc5 5. Bd3 Be6 6. Qe2 Qb6 7. Kf1 Ne7 8. Nc3 Nd7 9. f4 dxe4 10. Nxe4 0-0-0 11. Nf3 h5 12. a3 a5 13. b4 axb4 14. axb4 Qxb4 15. Bd2 Qb2 16. Qe1 Nd5 17. f5 Bxf5 18. Nxc5 Bxd3+ 19. Nxd3 Qxc2 20. Qe4 N7b6 21. Rc1 Qb3 22. Kf2 g6 23. Nc5 Qa2 24. Ra1 Qc4 25. Rhc1 Qxe4 26. Nxe4 Kc7 27. Nd6 Rd7 28. Nd4 Ra8 29. Rxa8 Nxa8 30. Rb1 1-0

[Event "Ouest Toulousain op-A 3rd"]
[Site "Tournefeuille"]
[Date "2008.02.27"]
[Round "4"]
[White "Collas, Didier"]
[Black "Prasad, Devaki V"]
[Result "1-0"]
[WhiteElo "2441"]
[BlackElo "2409"]
[PlyCount "49"]
[EventDate "2008.02.25"]
[EventType "swiss"]
[EventRounds "9"]
[EventCountry "FRA"]
[SourceTitle "CBM 123 Extra"]
[Source "ChessBase"]
[SourceDate "2008.05.06"]
[SourceVersion "1"]
[SourceVersionDate "2008.05.06"]
[SourceQuality "1"]

1. Nf3 d5 2. d4 Nf6 3. c4 dxc4 4. e3 e6 5. Bxc4 a6 6. 0-0 Nbd7 7. a4 b6 8. Nc3 Bb7 9. e4 Nxe4 10. Nxe4 Bxe4 11. Ng5 Nf6 12. Nxe4 Nxe4 13. Re1 Nf6 14. d5 e5 15. Rxe5+ Be7 16. Qe2 Nd7 17. Re3 a5 18. b3 Kf8 19. Bb2 Bf6 20. d6 Bxb2 21. dxc7 Qf6 22. Rd1 Ne5 23. Qxb2 Nxc4 24. bxc4 h5 25. c5 1-0

[Event "Selestat op 15th"]
[Site "Selestat"]
[Date "2008.02.25"]
[Round "5"]
[White "Deschler, Fabrice"]
[Black "Prasad, Devaki V"]
[Result "0-1"]
[WhiteElo "2180"]
[BlackElo "2409"]
[PlyCount "46"]
[EventDate "2008.02.21"]
[EventType "swiss"]
[EventRounds "7"]
[EventCountry "FRA"]
[SourceTitle "CBM 122 Extra"]
[Source "ChessBase"]
[SourceDate "2008.03.04"]
[SourceVersion "1"]
[SourceVersionDate "2008.03.04"]
[SourceQuality "1"]

1. d4 d5 2. c4 dxc4 3. Nf3 Nf6 4. e3 e6 5. Bxc4 a6 6. 0-0 Nbd7 7. Qe2 b5 8. Bb3 Bb7 9. Nc3 c5 10. Rd1 Qc7 11. d5 c4 12. dxe6 fxe6 13. Bc2 Bd6 14. Ng5 Nc5 15. b4 cxb3 16. axb3 Bxh2+ 17. Kh1 Qe5 18. f4 Qxc3 19. Rb1 Bxf4 20. exf4 0-0 21. Be3 Nce4 22. Kh2 Nxg5 23. fxg5 Qxe3 0-1

[Event "Commonwealth-ch"]
[Site "New Delhi"]
[Date "2007.12.08"]
[Round "8"]
[White "Bitan, Banerjee"]
[Black "Prasad, Devaki V"]
[Result "1/2-1/2"]
[WhiteElo "2149"]
[BlackElo "2409"]
[PlyCount "81"]
[EventDate "2007.12.03"]
[EventType "swiss"]
[EventRounds "10"]
[EventCountry "IND"]
[SourceTitle "CBM 121 Extra"]
[Source "ChessBase"]
[SourceDate "2008.01.10"]
[SourceVersion "1"]
[SourceVersionDate "2008.01.10"]
[SourceQuality "1"]

1. d4 Nf6 2. c4 e6 3. Nc3 Bb4 4. Qc2 0-0 5. a3 Bxc3+ 6. Qxc3 d6 7. Bg5 Nbd7 8. e3 b6 9. Ne2 Bb7 10. Qd3 c5 11. Nc3 h6 12. Bh4 Qe7 13. Rd1 Rfd8 14. d5 Ne5 15. Qc2 Ng6 16. Bg3 exd5 17. cxd5 Nh5 18. Be2 Nxg3 19. hxg3 Bc8 20. 0-0 a6 21. a4 Re8 22. Rb1 Qc7 23. b4 Bd7 24. bxc5 bxc5 25. Rb2 a5 26. Bb5 Reb8 27. Rfb1 Bxb5 28. axb5 Rb7 29. b6 Qe7 30. Rb5 Qe5 31. Rd1 Ne7 32. Na4 Nxd5 33. Qd3 Nb4 34. Qxd6 Qe8 35. Nxc5 Qxb5 36. Nxb7 Ra6 37. Qe7 Rxb6 38. Nd6 Qh5 39. Rc1 Rb8 40. Nc8 Kh7 41. Nd6 1/2-1/2

[Event "Commonwealth-ch"]
[Site "New Delhi"]
[Date "2007.12.04"]
[Round "3"]
[White "Prasad, Devaki V"]
[Black "Gopal, KN."]
[Result "1-0"]
[WhiteElo "2409"]
[BlackElo "2225"]
[PlyCount "43"]
[EventDate "2007.12.03"]
[EventType "swiss"]
[EventRounds "10"]
[EventCountry "IND"]
[SourceTitle "CBM 121 Extra"]
[Source "ChessBase"]
[SourceDate "2008.01.10"]
[SourceVersion "1"]
[SourceVersionDate "2008.01.10"]
[SourceQuality "1"]

1. e4 c5 2. Nf3 d6 3. d4 cxd4 4. Nxd4 Nf6 5. Nc3 a6 6. Be2 e5 7. Nb3 Be6 8. 0-0 Be7 9. f4 exf4 10. Bxf4 Nc6 11. Kh1 0-0 12. Nd4 Ne5 13. a4 Rc8 14. Qd2 Qc7 15. Bg5 Rfd8 16. Bxf6 Bxf6 17. Rxf6 gxf6 18. Qh6 d5 19. Nxd5 Rxd5 20. exd5 Qb6 21. Nxe6 fxe6 22. Qxf6 1-0

[Event "Metz op 25th"]
[Site "Metz"]
[Date "2007.04.18"]
[Round "5"]
[White "Shchekachev, Andrei"]
[Black "Prasad, Devaki V"]
[Result "1-0"]
[WhiteElo "2530"]
[BlackElo "2413"]
[PlyCount "75"]
[EventDate "2007.04.14"]
[EventType "swiss"]
[EventRounds "9"]
[EventCountry "FRA"]
[SourceTitle "CBM 117 Extra"]
[Source "ChessBase"]
[SourceDate "2007.05.09"]
[SourceVersion "1"]
[SourceVersionDate "2007.05.09"]
[SourceQuality "1"]

1. Nf3 Nf6 2. c4 e6 3. Nc3 Bb4 4. Qc2 b6 5. e4 Bxc3 6. Qxc3 Nxe4 7. Qxg7 Qf6 8. Qxf6 Nxf6 9. d4 Bb7 10. Bf4 d6 11. 0-0-0 Nbd7 12. Ng5 h6 13. Nh3 0-0-0 14. f3 Rdg8 15. Be3 c5 16. Rd2 Rg7 17. Nf2 Kc7 18. Nd1 Ng8 19. Nc3 a6 20. Bd3 Ne7 21. Rhd1 f5 22. Bf1 Nc8 23. Ne2 h5 24. a3 h4 25. b4 e5 26. dxe5 dxe5 27. f4 e4 28. Nc3 Rh6 29. Nd5+ Kb8 30. Bf2 cxb4 31. axb4 Nf8 32. Nxb6 Nxb6 33. Rd8+ Bc8 34. Rxf8 a5 35. b5 Rc7 36. c5 Na4 37. c6 Nc3 38. Rdd8 1-0